|
|
|
|
| LEADER |
02458nmm a2200517 a 4500 |
| 001 |
000958700 |
| 003 |
CZ BrMZK |
| 005 |
20090904155911.0 |
| 008 |
090730s2008 xr e d |||||||cze d |
| 020 |
|
|
|a 978-80-7368-547-8
|q (CDR)
|
| 040 |
|
|
|a BOA001
|b cze
|
| 043 |
|
|
|a e-xr---
|
| 072 |
|
7 |
|a 373.2/.3
|x Předškolní a primární výchova a vzdělávání
|2 Konspekt
|9 22
|
| 072 |
|
7 |
|a 37.016
|x Učební osnovy. Vyučovací předměty. Učebnice
|2 Konspekt
|9 22
|
| 080 |
|
|
|a 371.214
|2 MRF
|
| 080 |
|
|
|a 37.016
|2 MRF
|
| 080 |
|
|
|a 373.3.011.3-052
|2 MRF
|
| 080 |
|
|
|a 37.03
|2 MRF
|
| 080 |
|
|
|a 371.3
|2 MRF
|
| 080 |
|
|
|a (437.3)
|2 MRF
|
| 080 |
|
|
|a (075.8)
|2 MRF
|
| 080 |
|
|
|a (0.034.44)
|2 MRF
|
| 100 |
1 |
|
|a Karaffa, Jan,
|d 1965-
|7 xx0008271
|4 aut
|
| 245 |
1 |
0 |
|a Vytváření předmětu do školního vzdělávacího programu
|h [elektronický zdroj] /
|c Jan Karrafa
|
| 250 |
|
|
|a Vyd. 2.
|
| 256 |
|
|
|a Data (1,42 ; 1,17 MB)
|
| 260 |
|
|
|a Ostrava :
|b Ostravská univerzita v Ostravě,
|c 2008
|
| 300 |
|
|
|a 2 CD-ROM :
|b barev. ;
|c 12 cm
|
| 500 |
|
|
|a Název z titulní obrazovky
|
| 500 |
|
|
|a Nad názvem: Ministerstvo školství, mládeže a tělovýchovy, Ostravská univerzita v Ostravě, Pedagogická fakulta
|
| 500 |
|
|
|a "Nová role učitele - budoucnost učitelů ve světě práce v Moravskoslezském kraji - projekt Operačního programu Rozvoje lidských zdrojů, opatření 3.3.2 Podpora terciálního vzdělávání, výzkumu a vývoje. Číslo projektu: CZ.04.1.03/3.2.15.2"--Rub tit.s.
|
| 504 |
|
|
|a Obsahuje bibliografické odkazy
|
| 538 |
|
|
|a Požadavky na systém: Adobe Acrobat Reader, Power Point
|
| 650 |
0 |
7 |
|a vzdělávací programy
|7 ph127309
|z Česko
|2 czenas
|
| 650 |
0 |
7 |
|a vyučovací předměty
|7 ph172907
|2 czenas
|
| 650 |
0 |
7 |
|a žáci
|7 ph128055
|2 czenas
|
| 650 |
0 |
7 |
|a klíčové kompetence
|7 ph165772
|2 czenas
|
| 650 |
0 |
7 |
|a vyučovací metody
|7 ph127294
|2 czenas
|
| 655 |
|
7 |
|a učebnice vysokých škol
|7 fd133772
|2 czenas
|
| 655 |
|
7 |
|a CD-ROM
|7 fd133955
|2 czenas
|
| 710 |
1 |
|
|a Česko.
|b Ministerstvo školství, mládeže a tělovýchovy
|7 kn20020321420
|
| 710 |
2 |
|
|a Ostravská univerzita.
|b Pedagogická fakulta
|7 kn20010709315
|
| 710 |
2 |
|
|a Nová role učitele - budoucnost učitelů ve světě práce v Moravskoslezském kraji (projekt)
|7 mzk2008412655
|
| 910 |
2 |
|
|a BOA001
|b CDR2-1227.767
|
| 990 |
|
|
|a CF
|
| 996 |
6 |
|
|b 2610385091
|c CDR2-1227.767
|l Stud. periodik/2.patro
|r Sklad / do 1 hodiny
|n 1
|p p.v.
|w 001092830
|u 000010
|a 1
|e BOA001
|j MZK50
|s P
|